History Quiz

Random History or War Quiz

22 Decades of Headlines Quiz Stats

 Plays Quiz Updated Dec 11, 2018

Support Sporcle.
Go Orange.
Score 0/22 Timer 04:00
3 Plays Today
% Correct
1960s
89.9%
1940s
86.1%
1970s
80.7%
1920s
79.5%
1990s
73.7%
1860s
72.2%
1950s
70.2%
1910s
65%
2010s
60.6%
1840s
57.9%
2000s
57.3%
% Correct
1900s
51.3%
1930s
50.2%
1980s
47.8%
1850s
43.9%
1800s
40.7%
1810s
37.7%
1820s
35%
1880s
34.8%
1830s
33.8%
1870s
27.3%
1890s
23.4%

From the Vault

Which Year? (1970s)

by william2

History 5m
Thankfully, there are no questions about the historical importance and impact of Disco.
Remove Ads.
Support Sporcle.
Get the best of Sporcle when you Go Orange. This ad-free experience offers more features, more stats, and more fun while also helping to support Sporcle. Thank you for becoming a member.

Show Comments

Extras

Top Quizzes Today


Score Distribution

Your Account Isn't Verified!

In order to create a playlist on Sporcle, you need to verify the email address you used during registration. Go to your Sporcle Settings to finish the process.

Report this User

Report this user for behavior that violates our Community Guidelines.

Details: